000 00757nam a2200241 a 4500
001 BRCA_4060
005 20190320204530.0
008 160210c1846----u--a######---#000-0#eng-#
041 _aspa
044 _au
050 4 _aF1219
_b.C53 1846
100 1 _aClavijero, Francisco Javier
_d1731-1787
_99702
245 1 0 _aHistoria de la conquista de México
_bsacada de los mejores historiadores
_cFrancisco Javier Clavijero.
260 _aFiladelphia, Pensilvania
_bMac-Clure
_c1846
300 _a321 p.
_bil. 1 mapa plegable
_c26 cm
500 _aContiene: libros octavo, nono y decimo
500 _aC134
650 1 4 _aIndios de México
_910532
650 1 4 _aCalendario mexicano
_98542
651 4 _aMéxico
_xHistoria
_9614
902 _aGFM
942 _2lcc
_cB
999 _c3784
_d3784